Franchise or Company - owned : (Record no. 228668)
[ view plain ]
| 000 -LEADER | |
|---|---|
| fixed length control field | 00533nam a2200145Ia 4500 |
| 008 - FIXED-LENGTH DATA ELEMENTS--GENERAL INFORMATION | |
| fixed length control field | 140724s9999 xx 000 0 und d |
| 050 ## - LIBRARY OF CONGRESS CALL NUMBER | |
| Classification number | HG 1601 |
| Item number | .B553 2013 |
| 100 ## - MAIN ENTRY--PERSONAL NAME | |
| Personal name | Berza, Kayra Marie. |
| 245 ## - TITLE STATEMENT | |
| Title | Franchise or Company - owned : |
| Remainder of title | which type of store has greater impact on Master Sioma's profitability? / |
| Statement of responsibility, etc | Kayra Marie Berza. |
| 260 ## - PUBLICATION, DISTRIBUTION, ETC. (IMPRINT) | |
| Place of publication, distribution, etc | Las Piñas, Philippines : |
| Name of publisher, distributor, etc | Southville International School and Colleges, |
| Date of publication, distribution, etc | c2013. |
| 300 ## - PHYSICAL DESCRIPTION | |
| Extent | 88 p. : |
| Other physical details | col. ill. ; |
| Dimensions | 28 cm. |
| 521 ## - TARGET AUDIENCE NOTE | |
| Target audience note | |
| 942 ## - ADDED ENTRY ELEMENTS (KOHA) | |
| Koha item type | Theses |
| Withdrawn status | Lost status | Damaged status | Home library | Current library | Shelving location | Date acquired | Total Checkouts | Full call number | Barcode | Date last seen | Price effective from | Koha item type |
|---|---|---|---|---|---|---|---|---|---|---|---|---|
| College Library | College Library | Theses Section | 07/24/2014 | HG 1601 .B553 2013 | T0022 | 05/15/2018 | 07/24/2014 | Theses |